Základy obecné teorie státu a práva Část D - K historickým a recentním typům státu a práva

Uložené v:
Podrobná bibliografia
Médium: Kniha
Jazyk:Czech
Vydavateľské údaje: Praha Ústav státní správy 1986
Vydanie:1. vyd.
Edícia:Studie a informace
Tagy: Pridať tag
Žiadne tagy, Buďte prvý, kto otaguje tento záznam!

MARC

LEADER 00000nam a2200000 4500
001 c026681
005 20250219092236.5
041 0 |a cze 
044 |a CZ 
245 1 0 |a Základy obecné teorie státu a práva  |b Část D - K historickým a recentním typům státu a práva 
250 |a 1. vyd. 
264 1 |a Praha  |b Ústav státní správy  |c 1986 
300 |a 114 s. 
490 1 |a Studie a informace 
830 0 |a Studie a informace